[Event "Dortmund Sparkassen op-B"]
[Site "Dortmund"]
[Date "2010.07.23"]
[Round "7"]
[White "Wendt, Fabian"]
[Black "Krebs, Hans Joachim"]
[Result "1-0"]
[WhiteElo "1849"]
[BlackElo "1618"]
[PlyCount "47"]
[EventDate "2010.07.17"]
[EventType "swiss"]
[EventRounds "9"]
[EventCountry "GER"]
[SourceTitle "EXT 2014"]
[Source "ChessBase"]
[SourceDate "2013.11.20"]
[SourceVersion "1"]
[SourceVersionDate "2013.11.20"]
[SourceQuality "1"]

1. e4 e5 2. Nc3 Nf6 3. f4 d5 4. exd5 exf4 5. Bc4 c6 6. dxc6 bxc6 7. Nf3 Bg4 8. Bxf7+ Kxf7 9. Ne5+ Ke8 10. Nxg4 Qe7+ 11. Kf1 g5 12. d3 Nbd7 13. Bd2 Kf7 14. Nxf6 Nxf6 15. Qf3 Rc8 16. Re1 Qc5 17. Ne4 Nxe4 18. Qxe4 Qd5 19. Bc3 Qxe4 20. Rxe4 Rg8 21. h4 Bc5 22. hxg5 Rxg5 23. Rxh7+ Kg8 24. Rh8+ 1-0

[Event "Dortmund op-B"]
[Site "Dortmund"]
[Date "2007.06.26"]
[Round "4"]
[White "Benke, Werner"]
[Black "Wendt, Fabian"]
[Result "1-0"]
[WhiteElo "1525"]
[BlackElo "1725"]
[PlyCount "109"]
[EventDate "2007.06.22"]
[EventType "swiss"]
[EventRounds "9"]
[EventCountry "GER"]
[SourceTitle "EXT 2008"]
[Source "ChessBase"]
[SourceDate "2007.11.25"]
[SourceVersion "1"]
[SourceVersionDate "2007.11.25"]
[SourceQuality "1"]

1. Nf3 d6 2. d4 g6 3. Bf4 Bg7 4. e3 Nf6 5. h3 0-0 6. Nbd2 Nbd7 7. Be2 c6 8. 0-0 b5 9. c3 Bb7 10. c4 b4 11. a3 a5 12. a4 c5 13. Rc1 Nh5 14. Bh2 f5 15. b3 Nhf6 16. Ng5 Qb6 17. Ne6 cxd4 18. Nxf8 dxe3 19. Nxd7 Nxd7 20. Nf3 exf2+ 21. Kh1 Nc5 22. Bd3 e5 23. Be2 Ne4 24. c5 dxc5 25. Bc4+ Kh8 26. Nxe5 Ng5 27. Rxf2 h6 28. Ra2 Ne4 29. Qe1 Re8 30. Nf7+ Kh7 31. Re2 Bc3 32. Qf1 Qf6 33. Rd1 Re7 34. Nd6 Nd2 35. Rexd2 Bxd2 36. Rxd2 Qh4 37. Re2 Rg7 38. Nxb7 Rxb7 39. Qf4 Qd8 40. Rd2 Qe8 41. Qe5 Re7 42. Qd6 h5 43. Bf4 Kh8 44. Qf6+ Kh7 45. Bh2 g5 46. Qxf5+ Kh8 47. Qf6+ Kh7 48. Qxg5 Rg7 49. Bd3+ Kg8 50. Qd5+ Kf8 51. Bd6+ Re7 52. Bxe7+ Qxe7 53. Rf2+ Kg7 54. Qe4 Qg5 55. Qh7# 1-0

[Event "NRW-ch U16"]
[Site "Kranenburg"]
[Date "2007.04.12"]
[Round "5"]
[White "Peltzer, Raphael"]
[Black "Wendt, Fabian"]
[Result "1/2-1/2"]
[WhiteElo "1611"]
[BlackElo "1635"]
[PlyCount "38"]
[EventDate "2007.04.09"]
[EventType "swiss"]
[EventRounds "7"]
[EventCountry "GER"]
[SourceTitle "EXT 2008"]
[Source "ChessBase"]
[SourceDate "2007.11.25"]
[SourceVersion "1"]
[SourceVersionDate "2007.11.25"]
[SourceQuality "1"]

1. e4 e6 2. d4 d5 3. exd5 exd5 4. Bd3 Bd6 5. Ne2 Ne7 6. 0-0 0-0 7. c3 c6 8. Bf4 Bf5 9. Bxd6 Qxd6 10. Ng3 Bxd3 11. Qxd3 Ng6 12. Nd2 Nd7 13. Nf3 Nf6 14. Rfe1 Rfe8 15. Nf5 Rxe1+ 16. Rxe1 Qd7 17. Ne5 Nxe5 18. dxe5 Ne4 19. Ng3 Nxg3 1/2-1/2

[Event "NRW-ch U16"]
[Site "Kranenburg"]
[Date "2007.04.11"]
[Round "4"]
[White "Wendt, Fabian"]
[Black "Kelbling, Philipp"]
[Result "0-1"]
[WhiteElo "1635"]
[BlackElo "1887"]
[PlyCount "94"]
[EventDate "2007.04.09"]
[EventType "swiss"]
[EventRounds "7"]
[EventCountry "GER"]
[SourceTitle "EXT 2008"]
[Source "ChessBase"]
[SourceDate "2007.11.25"]
[SourceVersion "1"]
[SourceVersionDate "2007.11.25"]
[SourceQuality "1"]

1. d4 Nf6 2. c4 e6 3. g3 d5 4. Bg2 c6 5. Nf3 Nbd7 6. 0-0 Be7 7. Qc2 0-0 8. Nbd2 b6 9. b3 Bb7 10. Bb2 Rc8 11. Rac1 Bd6 12. Qb1 Qe7 13. Rfd1 c5 14. cxd5 exd5 15. dxc5 Bxc5 16. e3 Ne4 17. Nxe4 dxe4 18. Nd2 f5 19. Qa1 b5 20. a3 a6 21. b4 Ba7 22. Nb3 Rxc1 23. Rxc1 Bd5 24. Na5 Nb6 25. Bf1 Rc8 26. Rxc8+ Nxc8 27. Qc1 Qd7 28. Bh3 Nd6 29. Qc3 Bb6 30. Qe5 Nc4 31. Nxc4 Bxc4 32. Bf1 Bxf1 33. Kxf1 Bc7 34. Qc3 Bd8 35. Ke2 Bf6 36. Qb3+ Qf7 37. Qxf7+ Kxf7 38. Bxf6 Kxf6 39. f4 exf3+ 40. Kxf3 Ke5 41. h3 g5 42. g4 h6 43. gxf5 Kxf5 44. e4+ Ke5 45. Kg4 Kxe4 46. Kh5 Kf4 47. Kxh6 g4 0-1

[Event "NRW-ch U16"]
[Site "Kranenburg"]
[Date "2007.04.10"]
[Round "2"]
[White "Wendt, Fabian"]
[Black "Czybik, Nils Patrick"]
[Result "0-1"]
[WhiteElo "1635"]
[BlackElo "2007"]
[PlyCount "60"]
[EventDate "2007.04.09"]
[EventType "swiss"]
[EventRounds "7"]
[EventCountry "GER"]
[SourceTitle "EXT 2008"]
[Source "ChessBase"]
[SourceDate "2007.11.25"]
[SourceVersion "1"]
[SourceVersionDate "2007.11.25"]
[SourceQuality "1"]

1. e4 c5 2. Nf3 g6 3. d4 cxd4 4. Qxd4 Nf6 5. Bb5 a6 6. Ba4 b5 7. e5 Nc6 8. Qd3 Nxe5 9. Nxe5 bxa4 10. 0-0 Bg7 11. Nc3 0-0 12. Be3 a3 13. bxa3 d6 14. Rad1 Bf5 15. Qe2 Qa5 16. Nc4 Qxc3 17. Bd4 Qxc2 18. Rd2 Qe4 19. Qd1 Qc6 20. Bxf6 Bxf6 21. Nxd6 exd6 22. Rxd6 Qc3 23. Qd5 Rad8 24. Rxd8 Rxd8 25. Qb7 Qxa3 26. Qb6 Qd6 27. Qb7 Rb8 28. Qf3 Qd3 29. Qc6 Rb1 30. Qxf6 Rxf1# 0-1

[Event "NRW-ch U16"]
[Site "Kranenburg"]
[Date "2007.04.09"]
[Round "1"]
[White "Plassmann, Dominik"]
[Black "Wendt, Fabian"]
[Result "0-1"]
[WhiteElo "1925"]
[BlackElo "1635"]
[PlyCount "70"]
[EventDate "2007.04.09"]
[EventType "swiss"]
[EventRounds "7"]
[EventCountry "GER"]
[SourceTitle "EXT 2008"]
[Source "ChessBase"]
[SourceDate "2007.11.25"]
[SourceVersion "1"]
[SourceVersionDate "2007.11.25"]
[SourceQuality "1"]

1. e4 c5 2. Nf3 d6 3. d4 cxd4 4. Nxd4 Nf6 5. Nc3 a6 6. Be2 e5 7. Nb3 Be7 8. 0-0 0-0 9. f4 b5 10. a3 Bb7 11. Bf3 Nbd7 12. Qe1 Rc8 13. f5 Qc7 14. g4 Rfd8 15. g5 Ne8 16. Bg2 Nb6 17. Qh4 d5 18. Rf3 h6 19. Rh3 Kf8 20. f6 Nxf6 21. gxh6 gxh6 22. Qxh6+ Ke8 23. Rg3 d4 24. Qh8+ Kd7 25. Bh3+ Kd6 26. Qh6 Rh8 27. Qd2 Nc4 28. Qd1 Rcg8 29. Bg2 Kc6 30. Nxd4+ exd4 31. e5+ Kb6 32. exf6 Rxg3 33. hxg3 Qxg3 34. Qf1 Bd6 35. Ne2 Rh1+ 0-1

[Event "Dortmund Sparkassen op-B"]
[Site "Dortmund"]
[Date "2006.08.04"]
[Round "7"]
[White "Heyder, Siegfried"]
[Black "Wendt, Fabian"]
[Result "1-0"]
[WhiteElo "1374"]
[BlackElo "1496"]
[PlyCount "115"]
[EventDate "2006.07.28"]
[EventType "swiss"]
[EventRounds "9"]
[EventCountry "GER"]
[SourceTitle "CBM 113 Extra"]
[Source "ChessBase"]
[SourceDate "2006.09.14"]
[SourceVersion "1"]
[SourceVersionDate "2006.09.14"]
[SourceQuality "1"]

1. e4 c5 2. Nf3 d6 3. b3 Nc6 4. Bb2 e5 5. Bc4 Nf6 6. Nc3 Be7 7. h3 0-0 8. g4 a6 9. g5 Nh5 10. Nd5 Be6 11. Nxe5 Bxg5 12. Nxc6 bxc6 13. Qxh5 cxd5 14. exd5 Bf5 15. 0-0-0 Bg6 16. Qf3 Re8 17. Bd3 Qa5 18. Kb1 Bxd2 19. Qg3 Rad8 20. f4 Bc3 21. f5 Bxb2 22. Kxb2 Bh5 23. Rdg1 g6 24. Qg5 Bf3 25. f6 Kh8 26. Qh6 Rg8 27. Rh2 Rde8 28. h4 Bh5 29. Rhg2 Qb4 30. Bxa6 Qd4+ 31. Kb1 Qxf6 32. Rf1 Qd4 33. Rgf2 Re1+ 34. Rxe1 Qxf2 35. Rf1 Qxh4 36. Rxf7 Qe1+ 37. Kb2 Qe5+ 38. c3 Rg7 39. Rf8+ Rg8 40. a4 Qe7 41. Rxg8+ Kxg8 42. a5 Qa7 43. Bc8 Qg7 44. Qxg7+ Kxg7 45. a6 Bf3 46. c4 h5 47. a7 g5 48. a8Q Kf6 49. Be6 Ke5 50. Qh8+ Kf4 51. Qf6+ Kg3 52. Qxg5+ Bg4 53. Bxg4 hxg4 54. Qf6 Kh2 55. Qxd6+ Kh1 56. Qg6 g3 57. d6 g2 58. Qxg2+ 1-0